Heimtrikots 2. Bundesliga 2025/26 - Statistiken

Allgemein
  • Dieses Quiz wurde 108 mal gespielt
  • Das Durchschnittsergebnis liegt bei 16 aus 18
Antwortstatistiken
Bildquiz Antwort % Korrekt
Eintracht Braunschweig
97%
Hertha BSC
96%
Dynamo Dresden
95%
SV Elversberg
95%
1. FC Nürnberg
92%
FC Schalke 04
92%
SpVgg Greuther Fürth
92%
VfL Bochum
92%
1. FC Kaiserslautern
90%
Fortuna Düsseldorf
89%
SC Paderborn 07
89%
Holstein Kiel
88%
Preußen Münster
87%
SV Darmstadt 98
85%
Hannover 96
84%
1. FC Magdeburg
82%
Karlsruher SC
81%
Arminia Bielefeld
74%
Keine übereinstimmenden Quizze gefunden
Verteilung der Resultate
Anzahl Personen mit jedem Resultat
Perzentil nach korrekt beantworteten Fragen
Ihre Resultats-Entwicklung
Sie haben dieses Quiz noch nicht gespielt